Die Verbrechen der anderen : Auschwitz und der Auschwitz-Prozess der DDR: das Verfahren gegen den KZ-Arzt Dr. Horst Fischer / Christian Dirks
Record details
- ISBN: 3-506-71363-9
- Physical Description: 406 s., [16] s. obr. příl.: 26 il. ; 24 cm
- Publisher: Paderborn : Schöningh, 2006
Content descriptions
| Dissertation Note: | Thesis (doctoral)-Freie Universitat, Berlin, 2004. |
| Bibliography, etc. Note: | Obsahuje bibliografii a rejstřík |
Search for related items by series
Available copies
- 1 of 1 copy available at Common Catalog SPOK.
Holds
- 0 current holds with 1 total copy.
Show Only Available Copies
| Location | Call Number / Copy Notes | Barcode | Shelving Location | Status | Due Date |
|---|---|---|---|---|---|
| Terezin Initiative Institute | 5125 | 4594305125 | Knihovna ITI | Available | - |
Electronic resources
Version of Resource: Obsah
| LDR | 01456nam a22003377a 4500 | ||
|---|---|---|---|
| 001 | 27885 | ||
| 003 | CZ-PrJAB | ||
| 005 | 20230123170102.0 | ||
| 008 | 060120s2006 gw a grb 001 0 ger | ||
| 010 | . | ‡a2006374091 | |
| 020 | . | ‡a3-506-71363-9 ‡z978-3-506-71363-6 | |
| 035 | . | ‡a(CONS)2707 | |
| 035 | . | ‡a(CZ PrSKC)001100362 | |
| 040 | . | ‡aDLC ‡beng ‡cDLC ‡dDLC ‡dABD107 | |
| 100 | 1 | . | ‡aDirks, Christian, ‡d1971- |
| 245 | 1 | 4. | ‡aDie Verbrechen der anderen : ‡bAuschwitz und der Auschwitz-Prozess der DDR: das Verfahren gegen den KZ-Arzt Dr. Horst Fischer / ‡cChristian Dirks |
| 260 | . | ‡aPaderborn : ‡bSchöningh, ‡c2006 | |
| 300 | . | ‡a406 s., [16] s. obr. příl.: ‡b26 il. ; ‡c24 cm | |
| 490 | 1 | . | ‡aSammlung Schoningh zur Geschichte und Gegenwart |
| 502 | . | ‡aThesis (doctoral)-Freie Universitat, Berlin, 2004. | |
| 504 | . | ‡aObsahuje bibliografii a rejstřík | |
| 830 | 0. | ‡aSammlung Schoningh zur Geschichte und Gegenwart | |
| 856 | 4 | 1. | ‡uhttp://www.loc.gov/catdir/toc/fy0604/2006374091.html ‡yObsah ‡4N |
| 852 | 4 | . | ‡bJACH-ITI ‡bJACH-ITI ‡cKnihovna ITI ‡j5125 ‡p5125 ‡y$0.00 |
| 910 | . | ‡aABE340 ‡b5125 | |
| 995 | . | ‡askok | |
| 901 | . | ‡a27885 ‡bUnknown ‡c27885 ‡tbiblio | |